000 00435nam a2200145Ia 4500
008 230519s9999 xx 000 0 und d
020 _a978-93-81390-29-0
041 _aeng
082 _aOG/610.7362/NEE/DB0399
100 _aNeelam Kumari; Sharma Shivani & Gupta Priti
_9180360
245 _aTextbook of Midwifery and Gynecological Nursing
260 _bS Vikas and Co
_aJalandhar
_c2014
300 _a818p
999 _c159201
_d159201